Handbook on deriving capital measures of intellectual property products

Gespeichert in:
Bibliographische Detailangaben
Format: Buch
Sprache:Englisch
Veröffentlicht: Paris OECD 2010
Schlagworte:
Tags: Tag hinzufügen
Keine Tags, Fügen Sie das erste Tag hinzu!

MARC

LEADER 00000nam$a2200000$$$4500
001 0110676
005 20221108071245.3
020 |a 978-92-64-07290-9 
041 0 |a eng 
044 |a FR 
245 1 0 |a Handbook on deriving capital measures of intellectual property products 
264 1 |a Paris  |b OECD  |c 2010 
300 |a 167 s. 
610 2 0 |a vlastníctvo duševné 
610 2 0 |a aktíva 
610 2 0 |a kapitál fixný 
610 2 0 |a odhady 
610 2 0 |a obchod medzinárodný 
610 2 0 |a ceny 
610 2 0 |a oceňovanie 
610 2 0 |a softvér 
610 2 0 |a dáta 
610 2 0 |a účtovníctvo obchodné 
610 2 0 |a právo autorské